[Event "Amsterdam IBM I"]
[Site "?"]
[Date "1980.??.??"]
[Round "8"]
[White "Borm, Frans"]
[Black "Van Wijgerden, Cor"]
[Result "1-0"]
[WhiteElo "2355"]
[BlackElo "2435"]
[PlyCount "79"]
[EventDate "1980.??.??"]

1. e4 g6 2. d4 Bg7 3. Nf3 c6 4. h3 d6 5. a4 Nf6 6. Nc3 O-O 7. Be3 Qa5 8. Nd2
Nbd7 9. Be2 Qc7 10. O-O b6 11. f4 Bb7 12. e5 Nd5 13. Nxd5 cxd5 14. c3 e6 15.
Bd3 Nb8 16. Qe2 Nc6 17. Nf3 Rae8 18. Rae1 Bc8 19. Bc1 Bd7 20. exd6 Qxd6 21. Ne5
Rc8 22. Nxd7 Qxd7 23. g4 Rfe8 24. Qg2 Re7 25. f5 exf5 26. Rxe7 Nxe7 27. gxf5
Qd6 28. Bf4 Qc6 29. Bb5 Qb7 30. Qe2 Ra8 31. fxg6 hxg6 32. h4 Nf5 33. h5 Qe7 34.
hxg6 fxg6 35. Qxe7 Nxe7 36. Bg5 Bf8 37. Bd7 Nf5 38. Bxf5 gxf5 39. Rxf5 Re8 40.
Kf2 1-0

[Event "Amsterdam IBM I"]
[Site "?"]
[Date "1980.??.??"]
[Round "8"]
[White "Panno, Oscar"]
[Black "Sznapik, Aleksander"]
[Result "1-0"]
[WhiteElo "2540"]
[BlackElo "2460"]
[PlyCount "81"]
[EventDate "1980.??.??"]

1. Nf3 g6 2. e4 Bg7 3. d4 d6 4. Be2 Nf6 5. Nc3 O-O 6. O-O c6 7. a4 Nbd7 8. b3
c5 9. Bb2 cxd4 10. Nxd4 a6 11. a5 e6 12. Qd2 b5 13. axb6 Qxb6 14. Rfe1 Bb7 15.
Bf3 Ne5 16. Bd1 Rfd8 17. Kh1 Rac8 18. f3 h5 19. Na4 Qa7 20. c4 h4 21. Be2 h3
22. gxh3 Nxe4 23. fxe4 Bxe4+ 24. Kg1 Nc6 25. Rad1 e5 26. Bg4 Bf5 27. Bxf5 gxf5
28. Qg5 exd4 29. Rd3 Re8 30. Rf1 Re6 31. Rg3 Rg6 32. Qxf5 Rxg3+ 33. hxg3 Re8
34. Kg2 Re5 35. Qc8+ Kh7 36. Qxc6 Re2+ 37. Rf2 Rxf2+ 38. Kxf2 d3+ 39. Kf3 Bxb2
40. Nxb2 Qd4 41. Qe4+ 1-0

[Event "Amsterdam IBM I"]
[Site "?"]
[Date "1980.??.??"]
[Round "8"]
[White "Ree, Hans"]
[Black "Ligterink, Gert"]
[Result "1/2-1/2"]
[WhiteElo "2520"]
[BlackElo "2455"]
[PlyCount "63"]
[EventDate "1980.??.??"]

1. d4 f5 2. g3 Nf6 3. Bg2 g6 4. Nf3 Bg7 5. O-O O-O 6. b3 d6 7. Bb2 c6 8. Nbd2
a5 9. a3 Na6 10. Re1 Ne4 11. c4 Qb6 12. e3 Nxd2 13. Nxd2 Be6 14. Nf3 Rae8 15.
Rb1 Bc8 16. d5 Bxb2 17. Rxb2 Qc5 18. Ra2 e5 19. dxe6 Bxe6 20. Bf1 Rd8 21. Qd4
Bc8 22. Rd1 Qxd4 23. Nxd4 Kg7 24. Rad2 Kf6 25. Nc2 Ke7 26. b4 axb4 27. axb4 Be6
28. Ra1 Ra8 29. Rdd1 Nc7 30. Nd4 Rxa1 31. Rxa1 Ra8 32. Rxa8 1/2-1/2

[Event "Amsterdam IBM I"]
[Site "?"]
[Date "1980.??.??"]
[Round "8"]
[White "Rogoff, Kenneth"]
[Black "Hofland, Leo"]
[Result "1/2-1/2"]
[WhiteElo "2520"]
[BlackElo "2300"]
[PlyCount "43"]
[EventDate "1980.??.??"]

1. e4 d6 2. d4 Nf6 3. Nc3 g6 4. Bg5 h6 5. Be3 Ng4 6. Bc1 Bg7 7. f3 Nf6 8. Be3
c6 9. Qd2 Nbd7 10. Bd3 a6 11. a4 b6 12. Nge2 Bb7 13. O-O Qc7 14. Nd1 e5 15. c4
d5 16. cxd5 cxd5 17. Rc1 Qd8 18. Ndc3 exd4 19. Bxd4 dxe4 20. Nxe4 O-O 21. Nd6
Bd5 22. b4 1/2-1/2

[Event "Amsterdam IBM I"]
[Site "?"]
[Date "1980.??.??"]
[Round "8"]
[White "Smejkal, Jan"]
[Black "Unzicker, Wolfgang"]
[Result "0-1"]
[WhiteElo "2565"]
[BlackElo "2510"]
[PlyCount "134"]
[EventDate "1980.??.??"]

1. c4 e6 2. g3 Nf6 3. Bg2 d5 4. d4 dxc4 5. Nf3 Nbd7 6. Nbd2 Nb6 7. O-O Be7 8.
Qc2 O-O 9. Nxc4 Nxc4 10. Qxc4 c6 11. Qc2 Qb6 12. Bd2 Bd7 13. Rfc1 Rac8 14. b4
Rfd8 15. Rab1 Be8 16. e4 h6 17. h3 Nd7 18. Bf4 Nf8 19. Rd1 Ng6 20. Be3 Qc7 21.
a3 b6 22. Bf1 Qb7 23. Bd3 Nf8 24. Qe2 Qa8 25. Nd2 Nd7 26. Ba6 Rc7 27. Bf4 e5
28. dxe5 g5 29. Be3 Nxe5 30. f4 Ng6 31. Bc4 b5 32. Bb3 c5 33. Bd5 Bc6 34. Bxc5
gxf4 35. gxf4 Bxd5 36. exd5 Rxd5 37. Ne4 Rf5 38. Qg2 Qc6 39. Rf1 Bxc5+ 40. bxc5
Re7 41. Rbe1 Kf8 42. Re3 Nxf4 43. Qg4 Rxe4 44. Qxf5 Rxe3 45. Qxf4 Re7 46. Qd4
Re6 47. Rf4 Ke7 48. Qf2 Rg6+ 49. Rg4 Rxg4+ 50. hxg4 Qe4 51. Qh4+ Kd7 52. Qh5
Qe6 53. Kg2 Kc6 54. Kg3 a5 55. Qh1+ Kxc5 56. Qc1+ Kb6 57. Qg1+ Kb7 58. Qc5 Qc6
59. Qf8 Qc8 60. Qg7 Qe6 61. Qf8 Qe3+ 62. Kh4 Qf2+ 63. Kh3 Qf3+ 64. Kh4 Qf4 65.
Kh3 b4 66. Qc5 Qf3+ 67. Kh4 Qf6+ 0-1

[Event "Amsterdam IBM I"]
[Site "?"]
[Date "1980.??.??"]
[Round "9"]
[White "Ligterink, Gert"]
[Black "Bohm, Hans"]
[Result "1-0"]
[WhiteElo "2455"]
[BlackElo "2430"]
[PlyCount "101"]
[EventDate "1980.??.??"]

1. e4 e5 2. Nf3 Nc6 3. Bb5 a6 4. Ba4 Nf6 5. O-O Nxe4 6. d4 b5 7. Bb3 d5 8. dxe5
Be6 9. c3 Bc5 10. Qe2 O-O 11. Be3 Bxe3 12. Qxe3 f6 13. Rd1 Nxe5 14. Nxe5 fxe5
15. Qxe4 dxe4 16. Bxe6+ Kh8 17. Rxd8 Raxd8 18. Bg4 c5 19. a4 b4 20. a5 Rf6 21.
Be2 g6 22. g3 Kg7 23. Ra4 Rfd6 24. cxb4 Rd1+ 25. Bxd1 Rxd1+ 26. Kg2 Rxb1 27.
bxc5 e3 28. Re4 exf2 29. Kxf2 Rxb2+ 30. Re2 Rb5 31. Rc2 Rb7 32. Ke3 Kf6 33. c6
Rc7 34. Rb2 Ke6 35. Rb6 Kd5 36. Rxa6 e4 37. Rb6 Rf7 38. Rb5+ Kxc6 39. Re5 Kd6
40. Rxe4 Ra7 41. Ra4 Ra6 42. Kd4 Kd7 43. g4 Kc7 44. Ke5 Kb7 45. h4 Ka7 46. Kf4
Rc6 47. Kg5 Ka6 48. Kh6 Rc7 49. g5 Rf7 50. Re4 Kxa5 51. Re8 1-0

[Event "Amsterdam IBM I"]
[Site "?"]
[Date "1980.??.??"]
[Round "9"]
[White "Sznapik, Aleksander"]
[Black "Ree, Hans"]
[Result "1/2-1/2"]
[WhiteElo "2460"]
[BlackElo "2520"]
[PlyCount "103"]
[EventDate "1980.??.??"]

1. e4 c5 2. Nf3 e6 3. d4 cxd4 4. Nxd4 Nf6 5. Nc3 d6 6. Be2 Be7 7. O-O O-O 8. f4
Nc6 9. Be3 a6 10. Qe1 Bd7 11. Qg3 b5 12. a3 Nxd4 13. Bxd4 Bc6 14. Bd3 Qd7 15.
Rae1 a5 16. e5 dxe5 17. Bxe5 g6 18. f5 Nh5 19. Qh3 exf5 20. Bxf5 Qb7 21. Be4 b4
22. Qf3 Bxe4 23. Nxe4 Qb6+ 24. Kh1 Rac8 25. axb4 axb4 26. c3 Qc6 27. cxb4 Bxb4
28. Rd1 f5 29. Rd4 Be7 30. Qb3+ Rf7 31. Nd6 Bxd6 32. Rxd6 Qc4 33. Rd8+ Rf8 34.
Rxf8+ Kxf8 35. Bd6+ Kg8 36. Qxc4+ Rxc4 37. b4 Nf6 38. Rb1 Ne4 39. Be5 Nd2 40.
Rd1 Rxb4 41. Bc3 Rb1 42. Rxb1 Nxb1 43. Bb4 Kf7 44. Kg1 Ke6 45. Kf2 Kd5 46. Kf3
Kc4 47. Ba5 Nc3 48. Bxc3 Kxc3 49. Kf4 Kd3 50. h4 Ke2 51. h5 gxh5 52. Kxf5
1/2-1/2

[Event "Amsterdam IBM I"]
[Site "?"]
[Date "1980.??.??"]
[Round "9"]
[White "Unzicker, Wolfgang"]
[Black "Rogoff, Kenneth"]
[Result "1/2-1/2"]
[WhiteElo "2510"]
[BlackElo "2520"]
[PlyCount "34"]
[EventDate "1980.??.??"]

1. e4 e5 2. Nf3 Nf6 3. d4 Nxe4 4. Bd3 d5 5. Nxe5 Nd7 6. Qe2 Nxe5 7. Bxe4 dxe4
8. Qxe4 Be6 9. Qxe5 Qd7 10. Nc3 O-O-O 11. Be3 Bb4 12. O-O f6 13. Qf4 Bd6 14.
Qf3 Bg4 15. Qd5 Bxh2+ 16. Kxh2 Qxd5 17. Nxd5 Rxd5 1/2-1/2

[Event "Amsterdam IBM I"]
[Site "?"]
[Date "1980.??.??"]
[Round "9"]
[White "Van Wijgerden, Cor"]
[Black "Smejkal, Jan"]
[Result "1-0"]
[WhiteElo "2435"]
[BlackElo "2565"]
[PlyCount "81"]
[EventDate "1980.??.??"]

1. e4 e5 2. Nf3 Nc6 3. Bb5 a6 4. Ba4 Nf6 5. d4 exd4 6. O-O Be7 7. Re1 b5 8. Bb3
d6 9. Bd5 Nxd5 10. exd5 Ne5 11. Nxd4 O-O 12. a4 Bd7 13. Nc3 b4 14. Ne4 Re8 15.
b3 Qc8 16. Bb2 Qb7 17. f4 Ng4 18. Nc6 Bf8 19. h3 f5 20. Ng5 Nf6 21. Qf3 h6 22.
Bxf6 hxg5 23. Bxg5 Bxc6 24. dxc6 Qb6+ 25. Kh2 Qc5 26. Re2 d5 27. Re5 Rxe5 28.
fxe5 Re8 29. Re1 g6 30. Bf6 Re6 31. Kh1 Qc3 32. Qxc3 bxc3 33. Rd1 Bg7 34. Bxg7
Kxg7 35. Rxd5 Rxc6 36. Kg1 Kh6 37. Kf2 Kg5 38. Kf3 Kh5 39. Kf4 Kh6 40. Rd7 Rc5
41. g4 1-0

[Event "Amsterdam IBM I"]
[Site "?"]
[Date "1980.??.??"]
[Round "10"]
[White "Borm, Frans"]
[Black "Ligterink, Gert"]
[Result "1/2-1/2"]
[WhiteElo "2355"]
[BlackElo "2455"]
[PlyCount "114"]
[EventDate "1980.??.??"]

1. e4 c5 2. Nf3 Nc6 3. d4 cxd4 4. Nxd4 Nf6 5. Nc3 d6 6. Be2 e5 7. Nf3 h6 8. O-O
Be7 9. Re1 O-O 10. h3 a6 11. Bf1 Re8 12. Be3 Bf8 13. a4 Nb4 14. a5 d5 15. Nxd5
Nfxd5 16. exd5 Qxd5 17. Qxd5 Nxd5 18. c3 Nxe3 19. Rxe3 f6 20. Bc4+ Be6 21.
Bxe6+ Rxe6 22. Rd3 e4 23. Nd4 Re5 24. Rdd1 Rd8 25. Kf1 f5 26. Ke2 Be7 27. f4
exf3+ 28. Kxf3 Bf6 29. Re1 Rxe1 30. Rxe1 Bxd4 31. cxd4 Rxd4 32. Re5 Rb4 33.
Rxf5 Rxb2 34. g3 Rb3+ 35. Kf4 b5 36. axb6 Rxb6 37. Rc5 Kf7 38. Rc7+ Kf6 39. Ra7
Re6 40. Kf3 Rb6 41. Kf4 g6 42. Ra8 Rb4+ 43. Kf3 Rb3+ 44. Kf4 Rb4+ 45. Kf3 Rb3+
46. Kf4 g5+ 47. Kg4 Rb6 48. Re8 Re6 49. Ra8 Ke5 50. h4 gxh4 51. gxh4 Kd5 52.
Kf5 Rc6 53. h5 Kc5 54. Ke4 Kb5 55. Rb8+ Rb6 56. Rg8 a5 57. Rg6 Rc6 1/2-1/2

[Event "Amsterdam IBM I"]
[Site "?"]
[Date "1980.??.??"]
[Round "10"]
[White "Panno, Oscar"]
[Black "Unzicker, Wolfgang"]
[Result "1-0"]
[WhiteElo "2540"]
[BlackElo "2510"]
[PlyCount "95"]
[EventDate "1980.??.??"]

1. c4 e5 2. Nc3 Nc6 3. g3 g6 4. Bg2 Bg7 5. e3 Nge7 6. Nge2 d6 7. d3 O-O 8. O-O
Be6 9. Nd5 Qd7 10. Qd2 Nf5 11. b3 Nd8 12. e4 Ne7 13. Bb2 Ndc6 14. d4 Nxd4 15.
Nxd4 exd4 16. Bxd4 Bxd4 17. Qxd4 Bxd5 18. cxd5 c6 19. dxc6 Nxc6 20. Qa4 Qc7 21.
Rfd1 Rad8 22. Rd5 Rfe8 23. Rc1 a6 24. Qd4 Rd7 25. Qd2 Re5 26. h4 h5 27. Kh2 Qb8
28. Rd3 Rd8 29. f4 Ree8 30. Rd1 Qa7 31. Qb2 Qb8 32. b4 Qc7 33. a3 Qb8 34. Qf6
Re6 35. Qc3 Ree8 36. R1d2 Qc7 37. Rd5 Qb8 38. Qf6 Re6 39. Qa1 Ne7 40. R5d3 Nc6
41. Qd1 Ne7 42. f5 Re5 43. Rxd6 Rxd6 44. Rxd6 Qc7 45. Rd8+ Kg7 46. Rd7 Qb8 47.
Qd4 Nc6 48. Qd2 1-0

[Event "Amsterdam IBM I"]
[Site "?"]
[Date "1980.??.??"]
[Round "10"]
[White "Ree, Hans"]
[Black "Bohm, Hans"]
[Result "1-0"]
[WhiteElo "2520"]
[BlackElo "2430"]
[PlyCount "75"]
[EventDate "1980.??.??"]

1. d4 f5 2. g3 Nf6 3. Bg2 g6 4. Nf3 Bg7 5. O-O O-O 6. b3 d6 7. Bb2 c6 8. Nbd2
a5 9. a3 Ne4 10. c4 Qb6 11. e3 Nxd2 12. Nxd2 Na6 13. Bc3 Be6 14. Qc2 Bf7 15.
Rfb1 e5 16. c5 dxc5 17. dxe5 Qc7 18. Nc4 a4 19. Ba5 axb3 20. Rxb3 Qe7 21. Rb6
Ra7 22. Rab1 Qe6 23. Bf1 Rb8 24. Nd6 Nc7 25. Nxb7 Qxe5 26. Nxc5 Rxb6 27. Bxb6
Ra8 28. Bxc7 Qxc7 29. Rb7 Qc8 30. Bc4 Bxc4 31. Qxc4+ Kh8 32. a4 Qg8 33. Qb4 Rd8
34. h4 Be5 35. Nd7 Qd5 36. Qe7 Qd1+ 37. Kg2 Qd5+ 38. Kh2 1-0

[Event "Amsterdam IBM I"]
[Site "?"]
[Date "1980.??.??"]
[Round "10"]
[White "Rogoff, Kenneth"]
[Black "Van Wijgerden, Cor"]
[Result "1/2-1/2"]
[WhiteElo "2520"]
[BlackElo "2435"]
[PlyCount "45"]
[EventDate "1980.??.??"]

1. e4 g6 2. d4 Bg7 3. c4 d6 4. Nc3 f5 5. exf5 Bxf5 6. Nf3 Nh6 7. Be2 O-O 8. O-O
Na6 9. Bg5 Qd7 10. Qd2 Nf7 11. Be3 Rae8 12. Rad1 Qc8 13. a3 e5 14. dxe5 Nxe5
15. Nxe5 Bxe5 16. b4 Nb8 17. Rfe1 Nc6 18. Bf1 Bg7 19. Bh6 Qd7 20. Bxg7 Qxg7 21.
Nd5 Be6 22. Rc1 Qf7 23. Re3 1/2-1/2

[Event "Amsterdam IBM I"]
[Site "?"]
[Date "1980.??.??"]
[Round "10"]
[White "Smejkal, Jan"]
[Black "Langeweg, Kick"]
[Result "1/2-1/2"]
[WhiteElo "2565"]
[BlackElo "2425"]
[PlyCount "115"]
[EventDate "1980.??.??"]

1. c4 c5 2. Nf3 Nf6 3. Nc3 Nc6 4. d4 cxd4 5. Nxd4 e6 6. g3 Bc5 7. e3 d5 8. cxd5
exd5 9. Bg2 O-O 10. O-O Bg4 11. Nxc6 bxc6 12. Qc2 Rc8 13. b3 Re8 14. Bb2 Bf8
15. Rac1 Nd7 16. h3 Bh5 17. Ne2 Bg6 18. Qd2 Be4 19. Bxe4 Rxe4 20. Nd4 Nb8 21.
Rc2 Qd7 22. Kg2 c5 23. Ne2 d4 24. exd4 Rce8 25. Qd3 Nc6 26. Rd2 Qb7 27. d5 Nb4
28. Qf3 Nxd5 29. Nc1 Nb6 30. Nd3 Qa6 31. Nf4 Re1 32. Rxe1 Rxe1 33. Nd3 Re8 34.
Ne5 f6 35. Ng4 Re1 36. Ne3 Qxa2 37. Nc4 Qa6 38. Rd8 Nxc4 39. Qd5+ Qe6 40. bxc4
Qxd5+ 41. cxd5 Kf7 42. Ra8 Re7 43. Kf3 Rd7 44. Ke4 f5+ 45. Kxf5 Rxd5+ 46. Be5
Rd7 47. Ke4 Be7 48. f4 Bd8 49. f5 Bb6 50. g4 Rd8 51. Rxd8 Bxd8 52. Kd5 Be7 53.
Bc3 Bf6 54. Bd2 Bd4 55. g5 Bf2 56. Kd6 h6 57. gxh6 gxh6 58. Bxh6 1/2-1/2

[Event "Amsterdam IBM I"]
[Site "?"]
[Date "1980.??.??"]
[Round "10"]
[White "Sznapik, Aleksander"]
[Black "Hofland, Leo"]
[Result "1/2-1/2"]
[WhiteElo "2460"]
[BlackElo "2300"]
[PlyCount "86"]
[EventDate "1980.??.??"]

1. e4 c6 2. d4 d5 3. Nc3 dxe4 4. Nxe4 Nf6 5. Nxf6+ gxf6 6. c3 Bf5 7. Ne2 h5 8.
Ng3 Bg6 9. h4 Nd7 10. Be2 Qa5 11. b4 Qc7 12. O-O e6 13. b5 cxb5 14. Bxb5 Bd6
15. Qf3 O-O-O 16. Bd2 a6 17. Be2 Rdg8 18. Rfc1 Ba3 19. Re1 Bc2 20. Bf4 e5 21.
Bc1 Bd6 22. Nf5 Rg4 23. Nxd6+ Qxd6 24. Qh3 Rg6 25. Bd2 Rhg8 26. Bf1 Qd5 27.
Rac1 Bf5 28. c4 Bxh3 29. cxd5+ Kb8 30. g3 Bxf1 31. Kxf1 Rg4 32. dxe5 Nxe5 33.
Rcd1 Kc7 34. Bf4 Kd6 35. Rb1 b5 36. a4 Rb8 37. axb5 axb5 38. Ra1 Kxd5 39. Red1+
Ke6 40. Ra6+ Kf5 41. Rdd6 Rg6 42. Rdb6 Rxb6 43. Rxb6 Rg8 1/2-1/2

[Event "Amsterdam IBM I"]
[Site "?"]
[Date "1980.??.??"]
[Round "11"]
[White "Bohm, Hans"]
[Black "Borm, Frans"]
[Result "0-1"]
[WhiteElo "2430"]
[BlackElo "2355"]
[PlyCount "129"]
[EventDate "1980.??.??"]

1. d4 d5 2. Nf3 Nf6 3. Bf4 c6 4. e3 Qb6 5. b3 Bf5 6. Be2 Qa5+ 7. Kf1 Nbd7 8. a3
h6 9. b4 Qd8 10. Nbd2 e6 11. h3 Be7 12. c3 Bh7 13. Ne5 Nxe5 14. Bxe5 O-O 15.
Bxf6 Bxf6 16. f4 a5 17. Nf3 b6 18. Kf2 c5 19. Bd3 Be4 20. bxc5 bxc5 21. Rb1 a4
22. Bxe4 dxe4 23. Nd2 cxd4 24. cxd4 Bxd4 25. Nxe4 Bf6 26. Qxd8 Rfxd8 27. Nxf6+
gxf6 28. Rhd1 Rxd1 29. Rxd1 h5 30. Rd4 f5 31. Rb4 Kg7 32. Kf3 Kf6 33. Rb5 Rc8
34. Rb4 Ra8 35. Rc4 Ra5 36. Rc8 Kg7 37. Ke2 Kh7 38. Kf3 Kg7 39. Kg3 Rb5 40. Ra8
Rb3 41. Rxa4 Rxe3+ 42. Kh4 Kg6 43. Ra6 Re4 44. Kg3 Re3+ 45. Kf2 Rb3 46. a4 h4
47. Ra8 Rb4 48. Ke3 Rb3+ 49. Kd4 Rb4+ 50. Kc5 Rxf4 51. a5 Ra4 52. a6 Ra2 53.
Kb6 Rb2+ 54. Ka7 Kf6 55. Rg8 f4 56. Ka8 e5 57. a7 Kf5 58. Rb8 Rxg2 59. Rb6 f3
60. Kb7 Rg8 61. Rb2 e4 62. Rc2 e3 63. Rc5+ Kg6 64. a8=Q Rxa8 65. Rg5+ 0-1

[Event "Amsterdam IBM I"]
[Site "?"]
[Date "1980.??.??"]
[Round "11"]
[White "Hofland, Leo"]
[Black "Ree, Hans"]
[Result "0-1"]
[WhiteElo "2300"]
[BlackElo "2520"]
[PlyCount "98"]
[EventDate "1980.??.??"]

1. d4 Nf6 2. c4 g6 3. Nc3 d5 4. Nf3 Bg7 5. cxd5 Nxd5 6. Qb3 Nxc3 7. bxc3 c5 8.
e3 O-O 9. Be2 Nc6 10. O-O Na5 11. Qa3 Qc7 12. Bd2 Be6 13. Rfc1 Nc4 14. Qa4 Nxd2
15. Nxd2 Rfc8 16. Nb3 b6 17. Ba6 Rd8 18. Be2 Bd5 19. Nd2 Rac8 20. Qa3 e5 21. e4
Bh6 22. exd5 Bxd2 23. Rd1 Bh6 24. dxc5 Qxc5 25. Qxc5 Rxc5 26. c4 Bf8 27. a4 Bd6
28. Rdb1 Rdc8 29. Rb5 e4 30. g3 f5 31. Kg2 Kf7 32. Rab1 Kf6 33. f4 h6 34. Rxc5
Bxc5 35. a5 bxa5 36. Rb7 a4 37. Bd1 a3 38. Bb3 g5 39. Kf1 gxf4 40. gxf4 Rg8 41.
Rc7 Rg1+ 42. Ke2 Rg2+ 43. Kd1 Bd4 44. Rc6+ Kg7 45. d6 e3 46. Rc7+ Kg6 47. Re7
a2 48. Bxa2 Rxa2 49. d7 Rd2+ 0-1

[Event "Amsterdam IBM I"]
[Site "?"]
[Date "1980.??.??"]
[Round "11"]
[White "Langeweg, Kick"]
[Black "Rogoff, Kenneth"]
[Result "1/2-1/2"]
[WhiteElo "2425"]
[BlackElo "2520"]
[PlyCount "54"]
[EventDate "1980.??.??"]

1. Nf3 c5 2. c4 Nf6 3. Nc3 Nc6 4. d4 cxd4 5. Nxd4 e6 6. Ndb5 Bc5 7. Bf4 O-O 8.
Bd6 Qb6 9. Bxc5 Qxc5 10. Nd6 Nd4 11. e3 Qxd6 12. exd4 Qc6 13. Qd2 b6 14. f3 d5
15. cxd5 Nxd5 16. Bb5 Qd6 17. Ne4 Qe7 18. O-O Bb7 19. a3 Rac8 20. Rfe1 Rc7 21.
Rad1 Rfc8 22. Bd3 Qd8 23. Qf2 Ne7 24. Nc3 Rd7 25. Bb5 Rdc7 26. Bd3 Rd7 27. Bb5
Rdc7 1/2-1/2

[Event "Amsterdam IBM I"]
[Site "?"]
[Date "1980.??.??"]
[Round "11"]
[White "Ligterink, Gert"]
[Black "Smejkal, Jan"]
[Result "0-1"]
[WhiteElo "2455"]
[BlackElo "2565"]
[PlyCount "190"]
[EventDate "1980.??.??"]

1. d4 Nf6 2. c4 g6 3. Nc3 d5 4. Nf3 Bg7 5. cxd5 Nxd5 6. e4 Nxc3 7. bxc3 c5 8.
Be3 Qa5 9. Qd2 Nc6 10. Rc1 cxd4 11. cxd4 Qxd2+ 12. Kxd2 O-O 13. Bb5 f5 14. d5
fxe4 15. dxc6 exf3 16. gxf3 bxc6 17. Rxc6 Bb7 18. Rc7 Rad8+ 19. Kc2 Bxf3 20.
Rc1 Rb8 21. Bc4+ Kh8 22. Kd2 Rfd8+ 23. Ke1 Bb2 24. Bd2 Rxd2 25. Kxd2 Bxc1+ 26.
Kxc1 Rb7 27. Rc5 Rd7 28. Kc2 Kg7 29. Kc3 Kf6 30. a4 h5 31. a5 h4 32. a6 g5 33.
Rc8 g4 34. Bd3 e6 35. Rc5 e5 36. Rc8 h3 37. Rh8 e4 38. Bc4 Rd1 39. Rh7 Rh1 40.
Rxa7 e3 41. Rf7+ Kg6 42. a7 Bc6 43. Re7 Rc1+ 44. Kb3 Rxc4 45. Re6+ Kf5 46. Rxc6
Rxc6 47. a8=Q exf2 48. Qxc6 f1=Q 49. Qd7+ Ke4 50. Qxg4+ Ke3 51. Qg3+ Qf3 52.
Qe5+ Kf2+ 53. Kc2 Kg1 54. Kd2 Qg2+ 55. Kd3 Kh1 56. Qf4 Kg1 57. Qe3+ Kxh2 58.
Kc4 Qg4+ 59. Kb5 Qf5+ 60. Ka4 Kg2 61. Qe2+ Kg3 62. Qe3+ Kg4 63. Qe2+ Kg5 64.
Qe7+ Kf4 65. Qc7+ Ke3 66. Qc1+ Kf2 67. Qd2+ Kg3 68. Qe3+ Kg4 69. Qe2+ Qf3 70.
Qe6+ Kg3 71. Qe1+ Qf2 72. Qc3+ Qf3 73. Qe1+ Kg2 74. Qd2+ Kf1 75. Qc1+ Ke2 76.
Qb2+ Ke1 77. Qb4+ Kf1 78. Qb5+ Kf2 79. Qc5+ Kg3 80. Qg1+ Kf4 81. Qc1+ Qe3 82.
Qc7+ Kf3 83. Ka5 Qf4 84. Qc6+ Kg4 85. Ka6 h2 86. Qc8+ Qf5 87. Qg8+ Kf4 88. Qb8+
Qe5 89. Qb4+ Kg3 90. Qb3+ Kf2 91. Qf7+ Ke1 92. Qh7 Qd6+ 93. Ka7 Qc5+ 94. Kb8
Qb6+ 95. Ka8 Qc6+ 0-1

[Event "Amsterdam IBM I"]
[Site "?"]
[Date "1980.??.??"]
[Round "11"]
[White "Unzicker, Wolfgang"]
[Black "Sznapik, Aleksander"]
[Result "1/2-1/2"]
[WhiteElo "2510"]
[BlackElo "2460"]
[PlyCount "29"]
[EventDate "1980.??.??"]

1. e4 c5 2. Nf3 d6 3. d4 cxd4 4. Nxd4 Nf6 5. Nc3 e6 6. Be2 Be7 7. O-O Nc6 8.
Be3 O-O 9. f4 e5 10. Nb3 exf4 11. Bxf4 Be6 12. Kh1 d5 13. e5 Nd7 14. Nxd5 Ndxe5
15. Nxe7+ 1/2-1/2